000 00704nam a2200301Ia 4500
005 20260401122336.0
008 008 250103s9999 xx 000 0 eng d
020 _a9780801438042
037 _aTB
040 _aEDL
040 _beng
040 _cEDL
041 _2eng
041 _aeng
084 _a827 BOG
084 _qEDL
100 _aBogel, Fredric V.
_91233297
245 0 _aDifference Satire Makes: Rhetoric and Reading from Johnson to Byron
245 0 _cBogel, Fredric V.
260 _aIthaca
260 _bCornell University Press
260 _c2001
300 _a262p
942 _cTB
942 _h827 BOG
999 _c1846642
_d1846642